000 00443nam a22001697a 4500
003 OSt
005 20260413030913.0
008 260413b |||||||| |||| 00| 0 eng d
020 _a0-671-49394-9.
040 _aDWC-Main lib.
_cOC
082 _aFic. J89f 1983
100 _aJoyce, Janet
245 _aFields of promise/
_cJanet Joyce
260 _aNew York :
_bPocket Books,
_c1983.
650 _a1. Fiction.
942 _2ddc
_cFIC.
_hFic.
_n0
999 _c9373
_d9373